000 00300nam a22001337a 4500
008 190125b xxu||||| |||| 00| 0 eng d
020 _a9789951437707
041 _aeng
080 _a339.138
100 _a60
101 _aMKT
245 _aMarketingu Ndërkombëtar
_cRamadani,N
942 _2udc
_cBK
999 _c53809
_d53809